000
00222nam a2200085Ia 4500
008
170523s9999 xx 000 0 und d
100
_a
PATTANAYAK- B
245
0
_a
RE ENGINEERING ORGANISATIONAL BEHAVIOUR
260
_b
WHEELER PUBLICATION
260
_c
2000
999
_c
905
_d
905